000 00722nam a2200205 i 4500
001 bg
100 1 _aROJEK, Ryszard
245 0 _aStudium dynamiki sieci przepływowych jako systemów o parametrach rozłożonych.Z.52 /
_cRyszard Rojek.
260 _aOpole :
_bWSI,
_c1992.
300 _a208 s. :
_brys., wykr. ;
_c24 cm.
490 1 _aStudia i Monografie / Wyższa Szkoła Inżynierska w Opolu,
_x0239-5991 ;
_vz. 62
504 _aBibliogr. s. 181-192.
710 _aWYŻSZA SZKOŁA INŻYNIERSKA (Opole)
830 0 _aStudia i Monografie (Wyższa Szkoła Inżynierska w Opolu) ;
_vz. 62
040 _cBPK
041 _apol
080 _a621.64:532:519.6
942 _cKS
008 s pl f |000 0 pol
999 _c30021
_d30021
856 _uhttp://koha.tu.koszalin.pl/cgi-bin/koha/opac-detail.pl?biblionumber=30021
_yKatalog online BPK